<?xml version="1.0" encoding="UTF-8"?>
<record
    xmlns:xsi="http://www.w3.org/2001/XMLSchema-instance"
    xsi:schemaLocation="http://www.loc.gov/MARC21/slim http://www.loc.gov/standards/marcxml/schema/MARC21slim.xsd"
    xmlns="http://www.loc.gov/MARC21/slim">

  <leader>02732nam a22002897a 4500</leader>
  <controlfield tag="001">8315</controlfield>
  <controlfield tag="003">FISKH</controlfield>
  <controlfield tag="005">20250909084715.0</controlfield>
  <controlfield tag="008">250909b        cb ||||| |||| 00| 0 eng d</controlfield>
  <datafield tag="020" ind1=" " ind2=" ">
    <subfield code="a">9789996345180</subfield>
  </datafield>
  <datafield tag="040" ind1=" " ind2=" ">
    <subfield code="a">FISKH</subfield>
    <subfield code="b">khr </subfield>
    <subfield code="c">FISKH</subfield>
    <subfield code="d">FISKH</subfield>
  </datafield>
  <datafield tag="050" ind1=" " ind2=" ">
    <subfield code="a">PZ7 </subfield>
  </datafield>
  <datafield tag="082" ind1=" " ind2=" ">
    <subfield code="a">895.93</subfield>
  </datafield>
  <datafield tag="100" ind1=" " ind2=" ">
    <subfield code="a">Thayson, Annett </subfield>
  </datafield>
  <datafield tag="245" ind1=" " ind2=" ">
    <subfield code="a">&#x1794;&#x17B6;&#x1794;&#x17B6;&#x1794;&#x17C9;&#x17B6;&#x1794;&#x17C9;&#x17B6; : </subfield>
    <subfield code="b">Barbapap / </subfield>
    <subfield code="c">&#x1793;&#x17B7;&#x1796;&#x1793;&#x17D2;&#x1792;&#x178A;&#x17C4;&#x1799; &#x17A2;&#x17B6;&#x1793;&#x178E;&#x17C2;&#x178F; &#x1790;&#x17B6;&#x1799;&#x179F;&#x17B7;&#x1793; &#x1793;&#x17B7;&#x1784;&#x1790;&#x17C2;&#x179B;&#x17BE;&#x179F; &#x1790;&#x17C2;&#x17A1;&#x179A; &#x1794;&#x17D2;&#x179A;&#x179F;&#x1798;&#x17D2;&#x179A;&#x17BD;&#x179B;&#x1787;&#x17B6;&#x1797;&#x17B6;&#x179F;&#x17B6;&#x1781;&#x17D2;&#x1798;&#x17C2;&#x179A;&#x178A;&#x17C4;&#x1799; &#x179B;&#x17C4;&#x1780;&#x179F;&#x17D2;&#x179A;&#x17B8; &#x1798;&#x17C9;&#x17BB;&#x1784; &#x1782;&#x17B8;&#x17C6;&#x178E;&#x17B6; </subfield>
  </datafield>
  <datafield tag="260" ind1=" " ind2=" ">
    <subfield code="a">Phnom Penh : </subfield>
    <subfield code="b">Open Books, </subfield>
    <subfield code="c">2016.</subfield>
  </datafield>
  <datafield tag="300" ind1=" " ind2=" ">
    <subfield code="a">34 pages : </subfield>
    <subfield code="b">color illustrations ; </subfield>
    <subfield code="c">17 x 24 cm </subfield>
  </datafield>
  <datafield tag="505" ind1=" " ind2=" ">
    <subfield code="a">G
</subfield>
  </datafield>
  <datafield tag="520" ind1=" " ind2=" ">
    <subfield code="a">&#x1793;&#x17C5;&#x178A;&#x17BE;&#x1798;&#x179A;&#x17BF;&#x1784; Barbapapa &#x179B;&#x17BC;&#x178F;&#x1785;&#x17C1;&#x1789;&#x1796;&#x17B8;&#x178A;&#x17B8;&#x1780;&#x17D2;&#x1793;&#x17BB;&#x1784;&#x179F;&#x17BD;&#x1793;&#x1798;&#x17BD;&#x1799;&#x17D4; &#x1798;&#x1793;&#x17BB;&#x179F;&#x17D2;&#x179F;&#x178A;&#x17C6;&#x1794;&#x17BC;&#x1784;&#x1797;&#x17D0;&#x1799;&#x1781;&#x17D2;&#x179B;&#x17B6;&#x1785; &#x1796;&#x17D2;&#x179A;&#x17C4;&#x17C7;&#x1782;&#x17B6;&#x178F;&#x17CB;&#x1798;&#x17B6;&#x1793;&#x179A;&#x17BC;&#x1794;&#x179A;&#x17B6;&#x1784;&#x1794;&#x17D2;&#x179B;&#x17C2;&#x1780; &#x1793;&#x17B7;&#x1784;&#x1781;&#x17BB;&#x179F;&#x1796;&#x17B8;&#x1782;&#x17C1;&#x17D4; &#x178A;&#x17C4;&#x1799;&#x179F;&#x17B6;&#x179A;&#x178F;&#x17C2;&#x17A2;&#x17B6;&#x179A;&#x1798;&#x17D2;&#x1798;&#x178E;&#x17CD;&#x17AF;&#x1780;&#x17C4; &#x1782;&#x17B6;&#x178F;&#x17CB;&#x1794;&#x17B6;&#x1793;&#x1785;&#x17B6;&#x1794;&#x17CB;&#x1795;&#x17D2;&#x178F;&#x17BE;&#x1798;&#x179F;&#x17D2;&#x179C;&#x17C2;&#x1784;&#x179A;&#x1780;&#x1798;&#x17B7;&#x178F;&#x17D2;&#x178F;&#x1797;&#x1780;&#x17D2;&#x178F;&#x17B7; &#x1793;&#x17B7;&#x1784;&#x1780;&#x1793;&#x17D2;&#x179B;&#x17C2;&#x1784;&#x179F;&#x17D2;&#x1793;&#x17B6;&#x1780;&#x17CB;&#x1793;&#x17C5;&#x17D4; &#x1780;&#x17D2;&#x1793;&#x17BB;&#x1784;&#x17A2;&#x17C6;&#x17A1;&#x17BB;&#x1784;&#x1796;&#x17C1;&#x179B;&#x1793;&#x17C4;&#x17C7; Barbapapa &#x1794;&#x17B6;&#x1793;&#x1794;&#x1784;&#x17D2;&#x17A0;&#x17B6;&#x1789;&#x1796;&#x17B8;&#x1785;&#x17B7;&#x178F;&#x17D2;&#x178F;&#x179B;&#x17D2;&#x17A2;&#x179A;&#x1794;&#x179F;&#x17CB;&#x1782;&#x17B6;&#x178F;&#x17CB; &#x178A;&#x17C4;&#x1799;&#x1787;&#x17BD;&#x1799;&#x1798;&#x1793;&#x17BB;&#x179F;&#x17D2;&#x179F; &#x1793;&#x17B7;&#x1784;&#x179F;&#x178F;&#x17D2;&#x179C;&#x178F;&#x17B6;&#x1798;&#x179C;&#x17B7;&#x1792;&#x17B8;&#x1795;&#x17D2;&#x179F;&#x17C1;&#x1784;&#x17D7; &#x178A;&#x17BC;&#x1785;&#x1787;&#x17B6;&#x1780;&#x17D2;&#x179B;&#x17B6;&#x1799;&#x1787;&#x17B6;&#x179A;&#x17BC;&#x1794;&#x179A;&#x17B6;&#x1784;&#x1794;&#x17D2;&#x179A;&#x1799;&#x17C4;&#x1787;&#x1793;&#x17CD;&#x178A;&#x17BE;&#x1798;&#x17D2;&#x1794;&#x17B8;&#x1787;&#x17BD;&#x1799;&#x179F;&#x1784;&#x17D2;&#x1782;&#x17D2;&#x179A;&#x17C4;&#x17C7;&#x1796;&#x17BD;&#x1780;&#x1782;&#x17C1;&#x1796;&#x17B8;&#x1782;&#x17D2;&#x179A;&#x17C4;&#x17C7;&#x1790;&#x17D2;&#x1793;&#x17B6;&#x1780;&#x17CB;&#x17D4;

&#x1785;&#x17BB;&#x1784;&#x1780;&#x17D2;&#x179A;&#x17C4;&#x1799;&#x1798;&#x1793;&#x17BB;&#x179F;&#x17D2;&#x179F;&#x1794;&#x17B6;&#x1793;&#x1799;&#x179B;&#x17CB;&#x1790;&#x17B6; Barbapapa &#x1782;&#x17BA;&#x1787;&#x17B6;&#x1798;&#x1793;&#x17BB;&#x179F;&#x17D2;&#x179F;&#x179F;&#x178F;&#x17D2;&#x179F;&#x17B6;&#x179B;&#x17D2;&#x17A2; &#x1793;&#x17B7;&#x1784;&#x1798;&#x17B6;&#x1793;&#x1785;&#x17B7;&#x178F;&#x17D2;&#x178F;&#x17A2;&#x17C6;&#x178E;&#x178F;&#x17CB;&#x17D4; &#x1782;&#x17B6;&#x178F;&#x17CB;&#x1794;&#x17B6;&#x1793;&#x179A;&#x1780;&#x1783;&#x17BE;&#x1789;&#x1798;&#x17B7;&#x178F;&#x17D2;&#x178F;&#x1797;&#x17B6;&#x1796; &#x1780;&#x17B6;&#x179A;&#x1791;&#x1791;&#x17BD;&#x179B;&#x179F;&#x17D2;&#x1782;&#x17B6;&#x179B;&#x17CB; &#x1793;&#x17B7;&#x1784;&#x1780;&#x17D2;&#x179A;&#x17BB;&#x1798;&#x1782;&#x17D2;&#x179A;&#x17BD;&#x179F;&#x17B6;&#x179A; Barbapapa &#x178A;&#x17C2;&#x179B;&#x1798;&#x17B6;&#x1793;&#x1796;&#x178E;&#x17CC;&#x1795;&#x17D2;&#x179F;&#x17C1;&#x1784;&#x17D7; &#x1793;&#x17B7;&#x1784;&#x17A2;&#x17B6;&#x1785;&#x1795;&#x17D2;&#x179B;&#x17B6;&#x179F;&#x17CB;&#x1794;&#x17D2;&#x178F;&#x17BC;&#x179A;&#x179A;&#x17B6;&#x1784;&#x178A;&#x17BC;&#x1785;&#x1782;&#x17B6;&#x178F;&#x17CB;&#x1795;&#x1784;&#x178A;&#x17C2;&#x179A;&#x17D4;</subfield>
  </datafield>
  <datafield tag="520" ind1=" " ind2=" ">
    <subfield code="a">At the beginning, Barbapapa suddenly grows from the ground in a garden. At first, people are frightened of him because he looks unusual and different. Feeling lonely, he searches for friends and a place where he belongs. Along the way, he proves his kindness by helping humans and animals in many ways &#x2014; for example, saving people from danger by transforming into useful shapes.</subfield>
  </datafield>
  <datafield tag="521" ind1="8" ind2=" ">
    <subfield code="a">380
</subfield>
    <subfield code="b">Lexile estimate
</subfield>
  </datafield>
  <datafield tag="521" ind1="8" ind2=" ">
    <subfield code="a">G
</subfield>
    <subfield code="b">Raz-Plus 
</subfield>
  </datafield>
  <datafield tag="650" ind1=" " ind2=" ">
    <subfield code="a">&#x179A;&#x17BC;&#x1794;&#x179A;&#x17B6;&#x1784; </subfield>
  </datafield>
  <datafield tag="650" ind1=" " ind2=" ">
    <subfield code="a">Shape </subfield>
  </datafield>
  <datafield tag="942" ind1=" " ind2=" ">
    <subfield code="2">ddc</subfield>
    <subfield code="c">KHB</subfield>
    <subfield code="n">0</subfield>
  </datafield>
  <datafield tag="999" ind1=" " ind2=" ">
    <subfield code="c">8315</subfield>
    <subfield code="d">8315</subfield>
  </datafield>
  <datafield tag="952" ind1=" " ind2=" ">
    <subfield code="0">0</subfield>
    <subfield code="1">0</subfield>
    <subfield code="2">ddc</subfield>
    <subfield code="4">0</subfield>
    <subfield code="7">0</subfield>
    <subfield code="8">KH</subfield>
    <subfield code="a">001</subfield>
    <subfield code="b">001</subfield>
    <subfield code="c">OKHR</subfield>
    <subfield code="d">2025-09-09</subfield>
    <subfield code="l">0</subfield>
    <subfield code="o">THA 895.93 PZ7 </subfield>
    <subfield code="p">2025-4394</subfield>
    <subfield code="r">2025-09-09 08:47:13</subfield>
    <subfield code="t">1</subfield>
    <subfield code="w">2025-09-09</subfield>
    <subfield code="y">KHB</subfield>
  </datafield>
</record>
